Villes des Balkans - Statistiques

Statistiques générales
  • Ce quiz a été pris 207 fois
  • Le résultat moyen est 10 sur 15
Statistiques - réponses
Hint Réponse % Correct
Albanie Tirana
92%
Bosnie-Herzégovine Sarajevo
90%
Grèce Athènes
86%
Bulgarie Sofia
81%
Croatie Zagreb
77%
Kosovo Pristina
72%
Macédoine du Nord Skopje
70%
Serbie Belgrade
69%
Turquie Istanbul
61%
Roumanie Bucarest
58%
Monténégro Podgorica
58%
Croatie Split
54%
Slovénie Ljubljana
51%
Grèce Thessalonique
45%
Bosnie-Herzégovine Mostar
35%
Aucun quiz correspondant
Distribution des résultats
% des personnes avec chaque résultat
Percentile par nombre de réponses
Votre historique - résultats
Vous n’avez pas pris ce quiz